<?xml version="1.0" encoding="UTF-8"?>
<marc:record xmlns:marc="http://www.loc.gov/MARC21/slim">
   <marc:leader>00000nam a2200000 a 4500</marc:leader>
   <marc:datafield ind1="1" ind2=" " tag="100">
      <marc:subfield code="a">Young, Kate</marc:subfield>
      <marc:subfield code="4">aut</marc:subfield>
      <marc:subfield code="e">Verfasser/-in</marc:subfield>
   </marc:datafield>
   <marc:datafield ind1=" " ind2=" " tag="653">
      <marc:subfield code="a">Kochbuch</marc:subfield>
   </marc:datafield>
   <marc:datafield ind1=" " ind2=" " tag="653">
      <marc:subfield code="a">Literatur</marc:subfield>
   </marc:datafield>
   <marc:datafield ind1=" " ind2=" " tag="653">
      <marc:subfield code="a">Schriftsteller</marc:subfield>
   </marc:datafield>
   <marc:datafield ind1=" " ind2=" " tag="653">
      <marc:subfield code="a">Kochen</marc:subfield>
   </marc:datafield>
   <marc:datafield ind1=" " ind2=" " tag="653">
      <marc:subfield code="a">Roman</marc:subfield>
   </marc:datafield>
   <marc:datafield ind1="0" ind2="0" tag="245">
      <marc:subfield code="a">Little Library Cookbook</marc:subfield>
   </marc:datafield>
   <marc:datafield ind1="0" ind2="0" tag="245">
      <marc:subfield code="b">100 Rezepte aus den schönsten Romanen der Welt</marc:subfield>
   </marc:datafield>
   <marc:datafield ind1=" " ind2="1" tag="264">
      <marc:subfield code="b">Wilhelm Goldmann Verlag</marc:subfield>
      <marc:subfield code="c">2018</marc:subfield>
   </marc:datafield>
   <marc:datafield ind1="1" ind2=" " tag="520">
      <marc:subfield code="a">Klappentext: Einmal von Paddington Bärs Marmelade naschen? Oder doch lieber ein Stück neapolitanische Pizza, wie sie Elena Ferrante für »Meine geniale Freundin« ersonnen hat? Und wie mag wohl das Hühnchen in Estragon aus »Anna Karenina« schmecken? Das Little Library Cookbook ist eine Sammlung unwiderstehlicher Rezepte aus den schönsten Romanen der Welt. Kate Young, die einen erfolgreichen Kochblog betreibt, hat hier eine Sammlung von erlesenen Köstlichkeiten zusammengestellt, angereichert mit persönlichen Erlebnissen, Tipps und wunderschönen Bildern.  Liebevoll ausgestattete Ausgabe mit Leinenrücken und Lesebändchen. (Gilt nur für die gebundene Ausgabe.) Weitere Wunderraum-Bücher finden Sie in unserem kostenlosen aktuellen Leseproben-E-Book »Angekommen im Wunderraum« sowie unter www.wunderraum-verlag.de  Biografie Die aus Australien stammende Kochbuchautorin Kate Young teilt ihre Passion für literarisch inspirierte Rezepte auf ihrem Foodblog »The Little Library Café« mit Fans auf der ganzen Welt. Für das »Little Library Cookbook« wurde sie mit dem Guild of Food Writers Blogger of the Year Award 2017 ausgezeichnet. Sie lebt in London.</marc:subfield>
   </marc:datafield>
   <marc:datafield ind1=" " ind2=" " tag="020">
      <marc:subfield code="a">9783336547999</marc:subfield>
      <marc:subfield code="9">9783336547999</marc:subfield>
   </marc:datafield>
</marc:record>
